• 首页
  • 本馆介绍
  • 公告通知
  • 最新文献
  • 馆藏检索
  • 电子资源
  • 读者导购
  • 参考咨询
  • 我的图书馆
  • 登录
  • 详细信息显示
  • 放入我的书架
  • 预约/预借图书
  • 作者相关作品
  • 分类相关作品
  • 丛书相关作品
  • 出版社相关作品

书目信息

  • 表格格式
  • 工作单格式
  • 卡片格式
题名:
奇妙的红外辐射
    
 
作者: 穆恭廉 编著
分册:  
出版信息: 北京   中国青年出版社  1984.10
页数: 184页
开本: 20cm
丛书名: 青年文库
单 册:
中图分类: O434.31
科图分类:
主题词: 光学
电子资源:
ISBN:
000 00596nam0 2200205 45
001 0312221749
005 20060412152748.20
010    @dCNY0.62
100    @a20031222d1984 km y0chiy0120 ea
101    @achi
200 1  @a奇妙的红外辐射@AQi Miao De Hong Wai Fu She@e它的原理和应用@f穆恭廉等编著@Fmu gong lian deng bian zhu
210    @a北京@c中国青年出版社@d1984.10
215    @a184页@c图表@d20cm
225    @a青年文库
410    @12001 @a青年文库
606 0  @a光学
690    @aO434.31@v3
701 0  @a穆恭廉@Amu gong lian@4编著
801    @aCN@bTSTCL@c20060412
905    @dO434.31@e33@f1@b120147
    
    奇妙的红外辐射:它的原理和应用/穆恭廉等编著.-北京:中国青年出版社,1984.10
    184页:图表;20cm.-(青年文库)
    
    
    ISBN :CNY0.62
    
●
相关链接 在E读中查询图书 在五车中查询图书 在当当中查询图书 在豆瓣中查询图书


正题名:奇妙的红外辐射     索取号:O434.31/33         预约/预借

序号 登录号 条形码 馆藏地/架位号 状态 备注
1 0120146   001462964   第二样本阅览室/ [索取号:O434.31/33] 在馆    
2 0120147   001944711   第三借阅区/ [索取号:O434.31/33] 在馆    
3 0120148   202258145   密集书库/ [索取号:O434.31/33] 在馆    
唐山师范学院图书馆 欢迎您!
大连网信软件有限公司© 版权所有